Zavedenie ASR MTZ v podmienkach k.p. Dubnica nad Váhom záverečná práca postgraduálneho štúdia

Na minha lista:
Detalhes bibliográficos
Autor principal: Kusý, Jaroslav
Autor Corporativo: Vysoká škola ekonomická v Bratislave
Outros Autores: Kráľovič, Jozef
Formato: Livro
Idioma:eslovaco
Publicado em: Bratislava 1990
Tags: Adicionar Tag
Sem tags, seja o primeiro a adicionar uma tag!

MARC

LEADER 00000nam a2200000 4500
001 c029256
005 20250225080136.4
041 0 |a slo 
044 |a SK 
245 1 0 |a Zavedenie ASR MTZ v podmienkach k.p. Dubnica nad Váhom  |b záverečná práca postgraduálneho štúdia  |c Jaroslav Kusý ; Ved. práce Kráľovič 
264 1 |a Bratislava  |c 1990 
300 |a 34 s. 
100 1 |a Kusý, Jaroslav 
700 1 |a Kráľovič, Jozef 
710 2 |a Vysoká škola ekonomická v Bratislave